Sports Quiz

Random Sports or NBA Quiz
Score 0/25 Timer 10:00
0 Plays Today
Country Players % Correct
2. GermanyDirk Nowitzki
99%
7. SpainPau Gasol
96.5%
14. SpainMarc Gasol
96.5%
10. ChinaYao Ming
94.9%
1. NigeriaHakeem Olajuwon
94.3%
4. ArgentinaManu Ginobili
93.7%
8. FranceTony Parker
93%
3. CanadaSteve Nash
92.1%
9. GreeceGiannis Antetokounmpo
88.3%
18. SerbiaNikola Jokic
82.5%
19. LatviaKristaps Porzingis
80%
5. Democratic Republic of the CongoDikembe Mutombo
77.8%
24. SpainRicky Rubio
75.2%
Country Players % Correct
13. LithuaniaArvydas Sabonis
74.3%
20. CongoSerge Ibaka
73.3%
6. JamaicaPatrick Ewing
71.4%
12. SerbiaPeja Stojakovic
70.8%
23. RussiaAndrei Kirilenko
65.7%
16. SerbiaVlade Divac
63.5%
22. SloveniaLuka Doncic
63.5%
17. Dominican RepublicAl Horford
63.2%
11. CroatiaDrazen Petrovic
60.6%
15. CroatiaToni Kukoc
60.3%
25. SudanManute Bol
60%
21. GermanyDetlef Schrempf
48.9%
Remove Ads.
Support Sporcle.
Get the best of Sporcle when you Go Orange. This ad-free experience offers more features, more stats, and more fun while also helping to support Sporcle. Thank you for becoming a member.

You're not logged in!

Compare scores with friends on all Sporcle quizzes.
OR
Log In

Show Comments

Extras

Top Quizzes Today


Score Distribution

Your Account Isn't Verified!

In order to create a playlist on Sporcle, you need to verify the email address you used during registration. Go to your Sporcle Settings to finish the process.

Report this User

Report this user for behavior that violates our Community Guidelines.

Details: